000 00343 a2200133 4500
020 _a9693517555
090 _c6242
_d6242
100 _aShahab, Qudratullah
245 _aShahab Namah
_cQudratullah Shahab
_h(Urdu)
260 _aLahore:
_bSang-e-Meel,
_c2006.
300 _a1247 p. ;
_c22 cm.
650 _aUrdu literature
942 _cBK
_k891.439 SHA
999 _c10075
_d10075